| 000 | 00622nam a2200205Ia 4500 | ||
|---|---|---|---|
| 003 | GCL | ||
| 008 | 140319s9999 xx 000 0 ara d | ||
| 040 |
_aGCL / _cGCL |
||
| 082 | 0 | 4 |
_a131.32 _bد ك |
| 100 | 1 | _aديل كارنيجى | |
| 245 | 1 | 0 |
_aكيف تكسب الاصدقاء وتؤثر فى الناس / _cديل كارنيجى |
| 700 | 1 | _aعبدالمنعم محمد الزيادى | |
| 300 | _a285 ص | ||
| 490 |
_aكتاب _v0 |
||
| 650 | 0 | 4 | _aالشخصية |
| 650 | 0 | 4 | _aالشخصيات الادبية |
| 650 | 0 | 4 | _aالعلاقات الاجتماعية |
| 650 | 0 | 4 | _aالاصدقاء |
| 942 |
_2ddc _cBK |
||
| 999 |
_c42065 _d42065 |
||